000 00807nmc a2200301 a 4500
003 AR-BaBNM
005 20251128203206.0
008 027019s1971 ||||||||||||||000 | spa||
040 _cAR-BaBNM
100 1 _aCasademont Pou, F.
245 1 0 _aColibrí
_blibro de trabajo : curso 2
260 _aMadrid
_bMagisterio Español
_c1971
300 0 _a64 p.
_bil., diagr.
490 0 _aDya básica
650 4 _aEDUCACION ARTISTICA
650 4 _aDIBUJO
650 4 _aPINTURA
650 4 _aCRITICA DE ARTE
650 4 _aTECNICAS DE ENSENANZA
653 0 _aEDUCACION INICIAL
653 0 _aEDUCACION INICIAL
700 1 _aFigueras Nogués, F.X.
700 1 _aSansó, G.
_ecolaborador
700 1 _aCabanach, X.
_ecolaborador
700 1 _aTerrades, E.
_ecolaborador
942 _cBK
998 _cSILVI
999 _c2312
_d2312